| 000 | 00817nas a2200241 i 4500 | ||
|---|---|---|---|
| 003 | DO-SdBNP | ||
| 005 | 20260515150439.0 | ||
| 007 | ta | ||
| 008 | 260515e1937 dr mn|p|r||||||0| | spa d | ||
| 040 |
_aDO-SdBNP _bBNPHU _cspa _erda |
||
| 041 | _aspa | ||
| 245 | 1 | 0 | _aRevista musical. |
| 264 | 1 |
_aCiudad Trujillo, República Dominicana : _b[editor no identificado] _c1937. |
|
| 300 |
_avolumen : _bilustraciones, notas musicales, retratos , _c29 x 22 cm. |
||
| 310 | _aTrimestral. | ||
| 336 |
_atexto _btxt _2rdacontent |
||
| 337 |
_asin mediación _bn _2rdamedia |
||
| 338 |
_avolumen _bnc _2rdacarrier |
||
| 362 | _aVolumen 1. marzo 1937. | ||
| 500 | _aCatalogación basada en el: Volumen 1. marzo 1937. | ||
| 650 | 0 |
_aNotas musicales _vPublicaciones periódicas _989610 _zRepública Dominicana |
|
| 942 |
_2ddc _cISSUE |
||
| 999 |
_c60758 _d60758 |
||